000
00310nam a2200133Ia 4500
008
180730s9999||||xx |||||||||||||| ||und||
020
_a
333931980
082
_a
823
_b
KHE/Y
100
_a
khera, Shiv
245
0
_a
You Can Win
260
_a
New Delhi
_b
Macmillan India Ltd.
_c
2002
300
_a
270p
942
_a
BK
999
_c
2138
_d
2138